LEA - Zwischen meinen Zeilen - Statistiken

Allgemein
  • Dieses Quiz wurde 3 mal gespielt
  • Das Durchschnittsergebnis liegt bei 27 aus 168
Antwortstatistiken
Antwort % Korrekt
Meinen
100%
meinen
100%
Zeilen
100%
zwischen
100%
Zwischen
100%
Bei
50%
Mir
50%
Mit
50%
mit
50%
Oder
50%
oder
50%
All
0%
all
0%
Als
0%
An
0%
Auch
0%
auch
0%
Auf
0%
Aus
0%
Bremsen
0%
Bunten
0%
bunten
0%
Dem
0%
dem
0%
Den
0%
Denken
0%
Die
0%
die
0%
Drama
0%
Ehrlich
0%
Einander
0%
Fahrrad
0%
fallen
0%
Fantasie
0%
Fassen
0%
Find
0%
ganzer
0%
Hände
0%
Herzschlag
0%
Ich
0%
ich
0%
in
0%
In
0%
Irgendwann
0%
irgendwann
0%
lassen
0%
Les
0%
lieber
0%
Lieber
0%
Mehr
0%
mehr
0%
Mich
0%
mich
0%
Mund
0%
Nem
0%
Nicht
0%
nicht
0%
nur
0%
ohne
0%
Regen
0%
Schranken
0%
Seele
0%
Sein
0%
selber
0%
sich
0%
Sprechen
0%
Spüren
0%
Straßen
0%
Treiben
0%
Utopie
0%
Vergangenheit
0%
Vergleiche
0%
vergleichen
0%
Verschwiegenheit
0%
Versteh
0%
Vielleicht
0%
Wäldern
0%
Wege
0%
Weichen
0%
weichen
0%
Weinen
0%
Weniger
0%
weniger
0%
werden
0%
Werden
0%
will
0%
Will
0%
zu
0%
Zusammenführen
0%
zusammenführen
0%
Keine übereinstimmenden Quizze gefunden
Verteilung der Resultate
Anzahl Personen mit jedem Resultat
Perzentil nach korrekt beantworteten Fragen
Ihre Resultats-Entwicklung
Sie haben dieses Quiz noch nicht gespielt